<?xml version="1.0" encoding="UTF-8"?>
<collection xmlns="http://www.loc.gov/MARC21/slim">
 <record>
  <leader>02044cam a2200409  c4500</leader>
  <controlfield tag="001">1124670696</controlfield>
  <controlfield tag="003">DE-627</controlfield>
  <controlfield tag="005">20250220171820.0</controlfield>
  <controlfield tag="007">tu</controlfield>
  <controlfield tag="008">961004s1996    xx |||||      00| ||ita c</controlfield>
  <datafield tag="020" ind1=" " ind2=" ">
   <subfield code="a">3598216939</subfield>
   <subfield code="9">3-598-21693-9</subfield>
  </datafield>
  <datafield tag="035" ind1=" " ind2=" ">
   <subfield code="a">(DE-627)1124670696</subfield>
  </datafield>
  <datafield tag="035" ind1=" " ind2=" ">
   <subfield code="a">(DE-576)054670691</subfield>
  </datafield>
  <datafield tag="035" ind1=" " ind2=" ">
   <subfield code="a">(DE-599)BSZ054670691</subfield>
  </datafield>
  <datafield tag="035" ind1=" " ind2=" ">
   <subfield code="a">(OCoLC)312400769</subfield>
  </datafield>
  <datafield tag="040" ind1=" " ind2=" ">
   <subfield code="a">DE-627</subfield>
   <subfield code="b">ger</subfield>
   <subfield code="c">DE-627</subfield>
   <subfield code="e">rakwb</subfield>
  </datafield>
  <datafield tag="041" ind1=" " ind2=" ">
   <subfield code="a">ita</subfield>
  </datafield>
  <datafield tag="072" ind1=" " ind2="7">
   <subfield code="a">ARC000000</subfield>
   <subfield code="2">bisacsh</subfield>
  </datafield>
  <datafield tag="072" ind1=" " ind2="7">
   <subfield code="a">ART000000</subfield>
   <subfield code="2">bisacsh</subfield>
  </datafield>
  <datafield tag="082" ind1="0" ind2=" ">
   <subfield code="a">759.0407445632</subfield>
  </datafield>
  <datafield tag="084" ind1=" " ind2=" ">
   <subfield code="a">9,10</subfield>
   <subfield code="2">ssgn</subfield>
  </datafield>
  <datafield tag="245" ind1="1" ind2="0">
   <subfield code="a">Documents for the history of collecting</subfield>
   <subfield code="p">Italian inventories</subfield>
   <subfield code="n">2</subfield>
   <subfield code="p">Collezione dei dipinti Colonna, inventari 1611 - 1795 / Eduard A. Safarik</subfield>
   <subfield code="c">The Provenance Index of the Getty Art History Information Program. Gérard Labrot. Ed. by Carol Togneri Dowd ...</subfield>
  </datafield>
  <datafield tag="246" ind1="3" ind2="0">
   <subfield code="a">Colonna collection of paintings</subfield>
  </datafield>
  <datafield tag="264" ind1=" " ind2="1">
   <subfield code="a">Munich</subfield>
   <subfield code="b">Saur</subfield>
   <subfield code="c">1996</subfield>
  </datafield>
  <datafield tag="336" ind1=" " ind2=" ">
   <subfield code="a">Text</subfield>
   <subfield code="b">txt</subfield>
   <subfield code="2">rdacontent</subfield>
  </datafield>
  <datafield tag="337" ind1=" " ind2=" ">
   <subfield code="a">ohne Hilfsmittel zu benutzen</subfield>
   <subfield code="b">n</subfield>
   <subfield code="2">rdamedia</subfield>
  </datafield>
  <datafield tag="338" ind1=" " ind2=" ">
   <subfield code="a">Band</subfield>
   <subfield code="b">nc</subfield>
   <subfield code="2">rdacarrier</subfield>
  </datafield>
  <datafield tag="500" ind1=" " ind2=" ">
   <subfield code="a">Parallelt.: The Colonna collection of paintings, inventories 1611 - 1795</subfield>
  </datafield>
  <datafield tag="583" ind1="1" ind2=" ">
   <subfield code="a">Archivierung/Langzeitarchivierung gewährleistet</subfield>
   <subfield code="f">SSG</subfield>
   <subfield code="x">XA-DE-BW</subfield>
   <subfield code="2">pdager</subfield>
   <subfield code="5">DE-16</subfield>
  </datafield>
  <datafield tag="700" ind1="1" ind2=" ">
   <subfield code="a">Safarik, Eduard A.</subfield>
   <subfield code="d">1928-2015</subfield>
   <subfield code="e">Bearb.</subfield>
   <subfield code="0">(DE-588)129175404</subfield>
   <subfield code="0">(DE-627)390357812</subfield>
   <subfield code="0">(DE-576)164071024</subfield>
   <subfield code="4">adp</subfield>
  </datafield>
  <datafield tag="773" ind1="1" ind2="8">
   <subfield code="w">(DE-627)1098185676</subfield>
   <subfield code="w">(DE-576)028185676</subfield>
   <subfield code="g">Italian inventories ; 2</subfield>
   <subfield code="q">ital,2</subfield>
   <subfield code="7">nnnm</subfield>
  </datafield>
  <datafield tag="776" ind1="0" ind2="8">
   <subfield code="i">Erscheint auch als</subfield>
   <subfield code="n">Online-Ausgabe</subfield>
   <subfield code="a">Safarik, Eduard A., 1928 - 2015</subfield>
   <subfield code="t">Collezione dei dipinti Colonna: Inventari 1611–1795</subfield>
   <subfield code="d">Berlin : De Gruyter, 2011</subfield>
   <subfield code="h">Online-Ressource (XXI, 1058 S.)</subfield>
   <subfield code="w">(DE-627)1655947125</subfield>
   <subfield code="w">(DE-576)405094876</subfield>
   <subfield code="z">9783111501482</subfield>
  </datafield>
  <datafield tag="787" ind1="0" ind2="8">
   <subfield code="i">Rezensiert in</subfield>
   <subfield code="a">Fumagalli, Elena</subfield>
   <subfield code="t">[Rezension von: Eduard A. Safarik, Collezione dei dipinti Colonna, inventari 1611-1795]</subfield>
   <subfield code="d">1997</subfield>
   <subfield code="w">(DE-627)154701671X</subfield>
   <subfield code="w">(DE-576)477016715</subfield>
  </datafield>
  <datafield tag="856" ind1="4" ind2="2">
   <subfield code="u">http://d-nb.info/94712201X/04</subfield>
   <subfield code="m">V:DE-603</subfield>
   <subfield code="q">application/pdf</subfield>
   <subfield code="3">Inhaltsverzeichnis</subfield>
  </datafield>
  <datafield tag="951" ind1=" " ind2=" ">
   <subfield code="a">MV</subfield>
  </datafield>
  <datafield tag="991" ind1=" " ind2=" ">
   <subfield code="a">Rezensiertes Werk</subfield>
  </datafield>
  <datafield tag="999" ind1=" " ind2=" ">
   <subfield code="a">KXP-PPN1124670696</subfield>
   <subfield code="e">4007755620</subfield>
  </datafield>
 </record>
</collection>
